000 00432nam a22001577a 4500
008 240729b |||||||| |||| 00| 0 eng d
020 _a9789388313285
082 _a610.73
100 _aNettina, Sandra M.
245 _aLippincott Manual of Nursing Practice:
250 _a11th ed.
260 _aPhiladrlphia:
_bWolters Kluwer,
_c2018.
300 _axxi, 1563 p.;
_c22 Cm.
_bColour ill.
942 _2ddc
_e11th
999 _c9922
_d9923